000
00300nam a22001217a 4500
008
181126b xxu||||| |||| 00| 0 eng d
041
_a
eng
080
_a
043.3
100
_a
0
101
_a
BTH-INI
245
_a
Lidhja e turbinave me erë në sistemin fotovoltaik
_c
Bërbatovci,B
942
_2
udc
_c
BK
999
_c
52510
_d
52510